| 000 | 00940nam a2200265 i 4500 | ||
|---|---|---|---|
| 001 | 000002616 | ||
| 003 | DO-SdBNP | ||
| 005 | 20250624121414.0 | ||
| 007 | ta | ||
| 008 | 090703s2000 dr c 000 0 spa d | ||
| 040 |
_aDO-SdBNP _bspa _cBNPHU _erda |
||
| 082 | 4 |
_a972.93697 _bC744co _222 |
|
| 100 | 1 |
_aConcepción, Patria Quisqueya Ana, _98243 _eautora |
|
| 245 | 1 | 3 |
_aLa Concepción de la Vega en la historia / _cPatria Quisqueya Ana Concepción ; prólogo, Fausto Antonio Mota García. |
| 264 |
_aLa Vega : _bFalcombridge Dominicana: _bBanco Popular, _c2000. |
||
| 300 |
_a239 páginas : _bretratos ; _c25 cm. |
||
| 336 |
_2rdacontent _atexto _btxt |
||
| 337 |
_2rdamedia _asin mediación _bn |
||
| 338 |
_2rdacarrier _avolumen _bnc |
||
| 504 | _aBibliografía : p. 238. | ||
| 590 | _aInventariado, 2024/BT | ||
| 700 | 1 |
_aMota García, Fausto Antonio, _eprólogo _98246 |
|
| 910 | _aValidado. Control de calidad MMOLINA | ||
| 942 |
_2ddc _cLBS1 |
||
| 999 |
_c2452 _d2452 |
||